000 00279nam a2200121Ia 4500
008 220120s9999||||xx |||||||||||||| ||und||
082 _a823 SIN
100 _aSingleton, Sarah
_911920
245 0 _aCentury
260 _aHodder
_bBangalooru
_c2007
300 _b0
650 _aCIVIL
999 _c137486
_d137486